| Tag |
First Indicator |
Second Indicator |
Subfields |
| LEADER |
00000cam a22000004a 4500 |
| 001 |
in00002339824 |
| 005 |
20151108050350.0 |
| 008 |
070130r20072005nyuab b 001 0 eng |
| 010 |
|
|
|a 2007004318
|
| 015 |
|
|
|a GBA768246
|2 bnb
|
| 016 |
7 |
|
|a 013828472
|2 Uk
|
| 020 |
|
|
|a 9780195331264 (pbk.)
|
| 020 |
|
|
|a 0195331265 (pbk.)
|
| 035 |
|
|
|a (OCoLC)ocm81861508
|
| 035 |
|
|
|a (OCoLC)81861508
|
| 040 |
|
|
|a DLC
|c DLC
|d YDX
|d BTCTA
|d BAKER
|d UKM
|d YDXCP
|d XL4
|d UtOrBLW
|
| 043 |
|
|
|a a-ja---
|
| 049 |
|
|
|a TXAM
|
| 050 |
0 |
0 |
|a DS822.2
|b .D33 2007
|
| 082 |
0 |
0 |
|a 952/.02
|2 22
|
| 100 |
1 |
|
|a Deal, William E.
|
| 245 |
1 |
0 |
|a Handbook to life in medieval and early modern Japan /
|c William E. Deal.
|
| 264 |
|
1 |
|a New York :
|b Oxford University Press,
|c 2007.
|
| 300 |
|
|
|a xv, 415 pages :
|b illustrations, maps ;
|c 24 cm.
|
| 336 |
|
|
|a text
|b txt
|2 rdacontent
|
| 337 |
|
|
|a unmediated
|b n
|2 rdamedia
|
| 338 |
|
|
|a volume
|b nc
|2 rdacarrier
|
| 500 |
|
|
|a Originally published: New York : Facts On File, 2005, c2006.
|
| 504 |
|
|
|a Includes bibliographical references (pages 363-382) and index.
|
| 651 |
|
0 |
|a Japan
|x Civilization
|y To 1868.
|
| 651 |
|
0 |
|a Japan
|x History
|y 1185-1600.
|
| 938 |
|
|
|a Baker & Taylor
|b BKTY
|c 25.00
|d 25.00
|i 0195331265
|n 0007261251
|s active
|
| 938 |
|
|
|a Baker and Taylor
|b BTCP
|n BK0007261251
|
| 938 |
|
|
|a YBP Library Services
|b YANK
|n 2571401
|
| 945 |
|
|
|a PromptCat
|b 253398
|
| 946 |
|
|
|a stk
|
| 947 |
|
|
|a A14836477648
|
| 948 |
|
|
|a cataloged
|b h
|c 2007/10/31
|d c
|e dmartine
|f 3:23:31 pm
|
| 994 |
|
|
|a 92
|b TXA
|
| 999 |
|
|
|a MARS
|
| 999 |
f |
f |
|s 7afbb939-8027-3f72-ab07-5733c9949a5b
|i 30a725da-fb5e-3ed7-99d1-261cbc730146
|t 0
|
| 952 |
f |
f |
|p ric
|a Texas A&M University
|b Rellis Campus
|c Joint Library Facility
|d Remote Storage
|t 0
|e DS822.2 .D33 2007
|h Library of Congress classification
|i unmediated -- volume
|m A14836477648
|
| 998 |
f |
f |
|a DS822.2 .D33 2007
|t 0
|l Remote Storage
|